Southville International School and Colleges
Your cart is empty.
  • Cart
  • Lists
    Public lists Eva Luna New books Lux_list list_1
    Your lists Log in to create your own lists
  • Log in to your account
  • Your cookies
  • Search history
Southville International School and Colleges
  • Advanced search
  • Recent comments
  • Most popular
  • Libraries

Log in to your account

Log in with GOOGLE


If you do not have an external account, but do have a local account, you can still log in:

  1. Home
  2. MARC view: Autism :
Normal view MARC view ISBD view

Autism : (Record no. 356363)

[ view plain ]
MARC details
000 -LEADER
fixed length control field 00397nam a2200145Ia 4500
003 - CONTROL NUMBER IDENTIFIER
control field 0
005 - DATE AND TIME OF LATEST TRANSACTION
control field 20260121163217.0
008 - FIXED-LENGTH DATA ELEMENTS--GENERAL INFORMATION
fixed length control field 180323s9999 xx 000 0 und d
020 ## - INTERNATIONAL STANDARD BOOK NUMBER
International Standard Book Number 13623613
100 ## - MAIN ENTRY--PERSONAL NAME
Personal name Howlin, Patricia
245 ## - TITLE STATEMENT
Statement of responsibility, etc Jordan, Rita
Title Autism :
Remainder of title The international journal of research and practice
260 ## - PUBLICATION, DISTRIBUTION, ETC. (IMPRINT)
Place of publication, distribution, etc USA :
Name of publisher, distributor, etc Sage Publication
Date of publication, distribution, etc 1997
300 ## - PHYSICAL DESCRIPTION
Extent 97 pages
942 ## - ADDED ENTRY ELEMENTS (KOHA)
Source of classification or shelving scheme Library of Congress Classification
Koha item type Books
Holdings
Withdrawn status Lost status Damaged status Home library Current library Shelving location Date acquired Source of acquisition Total Checkouts Full call number Barcode Date last seen Price effective from Koha item type
      College Library College Library General Circulation Section 03/23/2018     RC 553.A88 .H865 1997 C21465 03/23/2018 03/23/2018 Books

Autism :

APA

Howlin P., . (1997). Autism. USA: Sage Publication.

Chicago

Howlin Patricia, . 1997. Autism. USA: Sage Publication.

Harvard

Howlin P., . (1997). Autism. USA: Sage Publication.

MLA

Howlin Patricia, . Autism. USA: Sage Publication. 1997.

  • Place hold
  • Print
  • Cite
  • Add to your cart (remove)
  • Save record
    BIBTEX Dublin Core MARCXML MARC (non-Unicode/MARC-8) MARC (Unicode/UTF-8) MARC (Unicode/UTF-8, Standard) MODS (XML) RIS
  • More searches
    Search for this title in:
    Other Libraries (WorldCat) Other Databases (Google Scholar) Online Stores (Bookfinder.com) Open Library (openlibrary.org)

Exporting to Dublin Core...

SOUTHVILLE LIBRARY

Southville International School and Colleges Library

1281 Tropical Ave. Cor. Luxembourg St., BF Homes International, Las Pinas City

Tel. No. 8256374 / 252358 Loc. 117/146

Powered by Koha